000 00533nam a2200169Ia 4500
003 GCL
008 140319s9999 xx 000 0 ara d
040 _aGCL /
_cGCL
082 0 4 _a813.03
_bع هـ
100 1 _aعبدالحميد جودة السحار
245 1 0 _aهمزات الشيطان (هدية من الاديب عبدالفتاح الجمل) /
_cعبدالحميد جودة السحار
300 _a184 ص
490 _a
650 0 4 _aالادب العربى
650 0 4 _aالقصص العربية
942 _2ddc
_cBK
999 _c40072
_d40072